Statistics for Somaliland Country Quiz

Click here to take the quiz!

General Stats

  • This quiz has been taken 155 times
  • The average score is 7 of 20

Answer Stats

HintAnswer% Correct
Official languageSomali
96%
Other popular languagesArabic
75%
Claimant countrySomalia
73%
CapitalHargeisa
70%
Gulf it bordersGulf of Aden
63%
Other popular languagesEnglish
59%
CurrencySomaliland shilling
59%
Main sportSoccer
57%
Main religion (includes subdivision)Sunni Islam
44%
Former capitalBerbera
39%
Second largest cityBurco
32%
PresidentMuse Bihi Abdi
18%
Earliest know cave paintingsLas Geel
14%
Flatbread in a typical Somaliland breakfastLahoh
13%
Main industryLivestock
7%
Highest pointMount Shimbiris
5%
Biggest mountain rangeCal Madow
4%
Main topographic zonesOgo
4%
Main topographic zonesGuban
2%
Main topographic zonesHaud
2%

Score Distribution

Percentile by Number Answered

Percent of People with Each Score

Your Score History

You have not taken this quiz